Statistics for Every Incorporated City in the Bellingham Metro Area

Click here to take the quiz!

General Stats

  • This quiz has been taken 7 times
  • The average score is 5 of 7

Answer Stats

#PopulationAnswer% Correct
193,744Bellingham
100%
316,164Ferndale
100%
46,125Blaine
80%
53,106Everson
60%
216,505Lynden
60%
71,665Sumas
60%
61,689Nooksack
40%

Score Distribution

Percentile by Number Answered

Percent of People with Each Score

Your Score History

You have not taken this quiz